Missing Word: Literature Without Grammar Quiz Stats

 Plays Quiz Updated Nov 10, 2012

Support Sporcle.
Go Orange.
Score 0/36 Timer 04:00
0 Plays Today
% Correct
Great
98%
Kill
97.8%
Two
97.3%
Pride
96.8%
Wears
96.6%
Wonderland
96.4%
New
95.9%
Mice
95.6%
Green
94.5%
Catcher
94.4%
Twist
93.9%
Huckleberry
93.5%
Wrath
92.9%
Peace
92.7%
Eyes
92.2%
Jane
90.8%
Flies
90.1%
Little
90%
% Correct
Tolls
89.7%
Old
88.1%
Ends
88%
Wimpy
87.5%
Grows
87.5%
Scarlet
87.3%
Being
87.3%
Pray
86.8%
Rises
84.7%
Anne
84.7%
Call
84.4%
Anna
80%
Iron
80%
Mohicans
78.3%
Handle
77.5%
Dorian
76.2%
Baskervilles
69.2%
Slaughterhouse
59.8%

Today's Daily Dose

Word Ladder
ING Words

Get the Picture
Nearest Volcano

From the Vault

NHL 50 Goals 50 Assists Club

by hulkhogansheroes

Sports 15m
This club has a pretty high barrier to entry.
Remove Ads.
Support Sporcle.
Get the best of Sporcle when you Go Orange. This ad-free experience offers more features, more stats, and more fun while also helping to support Sporcle. Thank you for becoming a member.

Show Comments

Extras

Top Quizzes Today


Score Distribution

Your Account Isn't Verified!

In order to create a playlist on Sporcle, you need to verify the email address you used during registration. Go to your Sporcle Settings to finish the process.

Report this User

Report this user for behavior that violates our Community Guidelines.

Details: